000 04025nab a2200373 i 4500
003 BR-BrBNA
005 20241007132405.0
008 241007b2018 bl.|r|pooa||| 00| 0 por |
040 _aBR-BrBNA
_bpor
072 _aL70
_b5500
072 _aL73
100 _aLima, P.A.
100 _aBarbieri, J.M.
100 _aEcco, R.
100 _aGuedes, R.M.C.
100 _aSerakides, R.
100 _aOcarino, N.M.
100 _aPierezan, F.
100 _aSantos, R.L.
245 _aEstudo retrospectivo da casuística de felinos domésticos no Hospital Veterinário da Universidade Federal de Minas Gerais, no período de 2005 a 2014
500 _aPublicação online; 18 ref.; 4 tables; Summaries (En, Pt)
520 _a RESUMO - O objetivo deste estudo foi caracterizar as doenças dos gatos domésticos provenientes dos casos de necropsia e histopatologia do Hospital Veterinário da Universidade Federal de Minas Gerais (HV/UFMG), de 2005 a 2014. Foram analisados 408 exames de necropsia e 197 de biópsias, segundo o sexo, a faixa etária e a raça. Os diagnósticos mais frequentes incluíram doenças infecciosas/inflamatórias ou parasitárias (22,5%), agentes físicos (18,1%), doenças proliferativas (15,2%) e degenerativas (13,5%). Politraumatismo (10,8%) foi responsável pelo maior número de mortes em felinos, sendo as chances três vezes maiores em animais com até 24 meses de idade (P=0,005 OR 3,47 [IC 95%: 1,40-8,57]). Neoplasias epiteliais corresponderam a 26 diagnósticos, sendo 20 (4,9%) casos de malignidade. A ocorrência de carcinoma e seus subtipos foi 18 vezes maior em gatos idosos (P<0,01 OR 18,15 [IC 95%: 7,41-44,45]). A insuficiência renal crônica foi mais frequente em gatos com mais de 120 meses (P=0,01). Machos apresentaram nove vezes mais chances de desenvolver doenças do trato urinário inferior quando comparados às fêmeas (P=0,001 OR 9,50 [IC 95%: 2,78-32,48]). Em relação às biópsias, animais adultos a idosos foram 10 vezes mais representados (P<0,001 OR 10,8 [IC 95%: 3,22-36,79]). Palavras-chave: levantamento, macroscopia, infecciosa, intoxicação, gatos
520 _a ABSTRACT - The aim of this study was to characterize the diseases of domestic cats based on necropsy and histopathological examinations at the Veterinary Hospital of the Universidade Federal de Minas Gerais (HV/UFMG) from 2005 to 2014. A total of 408 necropsy and 197 biopsy samples were analyzed according to gender, age, and breed. The most frequent diagnoses included infectious/inflammatory or parasitic diseases (22.5%), physical agents (18.1%), proliferative (15.2%), and degenerative (13.5%) diseases. Polytrauma (10.8%) was responsible for the highest number of feline deaths, with the odds three times higher in animals up to 24 months of age (P= 0.005 OR 3.47 [95% CI: 1.40-.57]). Epithelial neoplasms corresponded to 26 diagnoses, with 20 (4.9%) malignant cases. The occurrence of carcinoma and its subtypes was 18-fold higher in older cats (P< 0.01 OR 18.15 [95% CI: 7.41-44.45]). Chronic renal failure was more frequent in cats over 120 months (P= 0.01). Males were nine times more likely to develop lower urinary tract diseases when compared to females (P= 0.001 OR 9.50 [95% CI: 2.78-32.48]). Regarding the biopsies, adult to elderly animals were ten times more represented (P< 0.001 OR 10.8 [95% CI: 3.22-6.79]). Keywords: survey, macroscopy, infectious, intoxication, cats
650 _aGATO
650 _aDOENÇA ANIMAL
650 _aCOMPORTAMENTO ANIMAL
650 _aHISTOPATOLOGIA
650 _aNECRÓPSIA
650 _aINTOXICAÇÃO
773 0 _01643
_9344976
_dBelo Horizonte-MG Universidade Federal de Minas Gerais - Escola de Veterinaria 1983
_o2024-5389
_tArquivo Brasileiro de Medicina Veterinária e Zootecnia (Brazil)
_x0102-0935
_gv. 70(6) p. 1775-1783; (2018)
_wBR2024002802
856 _uhttps://www.scielo.br/j/abmvz/a/HxRbq5pzDDjrKXhjnLGwhRn/?format=pdf&lang=pt
942 _cANA
999 _c327970
_d327970